banner-ar

اطلاق الحمامة : 5 يونيو / (Record no. 39981)

MARC details
000 -الفاتح
حقل البيانات ثابتة الطول 00695nam a2200229Ia 4500
008 - عناصر البيانات ثابتة الطول - معلومات عامة
حقل البيانات ثابتة الطول 140319s9999 xx 000 0 ara d
040 ## - مصدر الفهرسة
وكالة الفهرسة الأصلية GCL /
وكالة النسخ GCL
082 04 - رقم تصنيف ديوى العشرى
رقم التصنيف ق
رقم المادة 962.065
-- ب ا
100 1# - المدخل الرئيسى - إسم شخصى
الإسم الشخصى بيليايف، ا
245 10 - بيان العنوان
العنوان اطلاق الحمامة : 5 يونيو /
بيان المسئوليه,etc بيليايف، ا
700 1# - المدخل الاضافى - اسم شخصى
الإسم الشخصى كوليسنيشكو , ت
700 1# - المدخل الاضافى - اسم شخصى
الإسم الشخصى بريماكوف، ى
700 1# - المدخل الاضافى - اسم شخصى
الإسم الشخصى ماهر عسل
300 ## - الوصف المادى
التعداد 207 ص
490 ## - بيان السلسلة
عنوان السلسلة
650 04 - المدخل الاضافى بالموضوع-مصطلح موضوعى
مصطلح موضوعي النزاع العربى الاسرائيلى
650 04 - المدخل الاضافى بالموضوع-مصطلح موضوعى
مصطلح موضوعي الصور
650 04 - المدخل الاضافى بالموضوع-مصطلح موضوعى
مصطلح موضوعي حرب يونيو 1967 - مصر
650 04 - المدخل الاضافى بالموضوع-مصطلح موضوعى
مصطلح موضوعي مصر - تاريخ - العصر الحديث (1805 - 1956 )
942 ## - عناصر المدخل الإضافي( كوها)
مصدر التصنيف او مخطط الترفيف Dewey Decimal Classification
Koha [default] item type كتاب
Holdings
حالة التراجع حالة الفقد حالة تلف ليس للاعارة المكان المؤقت الموقع الحالى تاريخ الاكتساب اجمالي اﻻعارات رقم الطلب الباركود تاريخ اخر مشاهدة تاريخ تفعيل السعر نوع وعاء كوها
        مكتبة القاهرة الكبرى مكتبة القاهرة الكبرى 03/26/2014   ق\962.065\ب ا 97331 03/26/2014 03/26/2014 كتاب

Powered By

EGPV